Las grandes culturas de la humanidad / (Record no. 147078)

MARC details
000 -LEADER
campo de control de longitud fija 00680nam a2200205 i 4500
001 - NÚMERO DE CONTROL
campo de control 147078
003 - IDENTIFICADOR DE NÚMERO DE CONTROL
campo de control ES-MaACL
005 - FECHA Y HORA DE LA ÚLTIMA TRANSACCIÓN
campo de control 20230906201806.0
007 - CAMPO FIJO DE DESCRIPCIÓN FÍSICA--INFORMACIÓN GENERAL
campo de control de longitud fija t|
008 - DATOS DE LONGITUD FIJA--INFORMACIÓN GENERAL
campo de control de longitud fija 070921s1948 mx ||||1| spa d
080 ## - NÚMERO DE LA CLASIFICACIÓN DECIMAL UNIVERSAL
Número de la Clasificación Decimal Universal 950.85
100 1# - ENTRADA PRINCIPAL--NOMBRE DE PERSONA
Nombre de persona Turner, Ralph.
9 (RLIN) 111745
245 14 - MENCIÓN DEL TÍTULO
Título Las grandes culturas de la humanidad /
Mención de responsabilidad, etc. Ralpf Turner ; traducción de Francisco A. Delpiane y Ramón Iglesia.
250 ## - MENCION DE EDICION
Mención de edición [1ª ed. en español].
260 ## - PUBLICACIÓN, DISTRIBUCIÓN, ETC.
Lugar de publicación, distribución, etc. México, etc. :
Nombre del editor, distribuidor, etc. Fondo de Cultura Económica,
Fecha de publicación, distribución, etc. [1948]
300 ## - DESCRIPCIÓN FÍSICA
Extensión 1304 p., 5 map. pleg. :
Otras características físicas il. ;
Dimensiones 24 cm.
700 1# - ENTRADA AGREGADA--NOMBRE PERSONAL
Nombre de persona Delpiane, Francisco A.
9 (RLIN) 43583
700 1# - ENTRADA AGREGADA--NOMBRE PERSONAL
Nombre de persona Iglesia, Ramón.
9 (RLIN) 65061
852 ## - LOCALIZACIÓN
Ubicación ES-MaACL
Número de control de estantería D-6764
Sublocalización o colección R.29366
Holdings
Estatus retirado Estado de pérdida Estado de daño No para préstamo Biblioteca de origen Biblioteca actual Ubicación en estantería Fecha de adquisición Fuente de adquisición Total de préstamos Signatura topográfica completa Código de barras Visto por última vez Precio de reemplazo Tipo de ítem Koha
        Biblioteca del Ateneo de Madrid Biblioteca del Ateneo de Madrid Sala Valle Inclán 17/01/2008     D-6764 901153491 23/02/2023 23/02/2023 Libro impreso